000 00505nmm a2200169Ia 4500
008 251105s9999||||xx |||||||||||||||||und||
020 _a9788498302912
041 _aspa
100 _aMartínez Díaz de Guereñu, Ernesto
245 0 _aRegalos, favores y donación de órganos
264 _a[Madrid, España] :
_bUniversidad de Deusto,
_c2011
300 _a94 páginas
490 _aGranate - Serie Derecho
650 _aLaw
856 _uhttps://public.digitaliapublishing.com/a/14575
942 _cCF
999 _c91583
_d91583